000 00308nam a22001337a 4500
008 170130b xxu||||| |||| 00| 0 eng d
020 _a0192651080
041 _aeng
080 _214TH
_a61
100 _a3
101 _aSHMI
245 _aTHE EARLY DIAGNOSIS OF THE ACUTE ABDOMEN
_cCOPE,S.Z
942 _2udc
_cBK
999 _c4026
_d4026